Catálogo público

El estado de la seguridad alimentaria y la nutrición en el mundo 2017 : (Record no. 219411)

MARC details
000 -CABECERA
campo de control de longitud fija 01426nam a2200325 a 4500
003 - IDENTIFICADOR DEL NÚMERO DE CONTROL
campo de control OSt
005 - FECHA Y HORA DE LA ÚLTIMA TRANSACCIÓN
campo de control 20231121134423.0
008 - DATOS DE LONGITUD FIJA--INFORMACIÓN GENERAL
campo de control de longitud fija 231116s2017 rm a|||| |||| 001 0 spa d
020 ## - NÚMERO INTERNACIONAL ESTÁNDAR DEL LIBRO
Número Internacional Estándar del Libro 978-92-5-309888-0
040 ## - FUENTE DE LA CATALOGACIÓN
Centro/agencia transcriptor CHAP
Normas de descripción rda
082 00 - NÚMERO DE LA CLASIFICACIÓN DECIMAL DEWEY
Número de edición 22
Número de clasificación 363.8
Número de documento/Ítem F21 2017
245 03 - MENCIÓN DE TÍTULO
Título El estado de la seguridad alimentaria y la nutrición en el mundo 2017 :
Resto del título fomentando la resiliencia en aras de la paz y la seguridad alimentaria /
Mención de responsabilidad, etc. por FAO, FIDA, OMS, PMA y UNICEF.
264 #1 - PRODUCCIÓN, PUBLICACIÓN, DISTRIBUCIÓN, FABRICACIÓN Y COPYRIGHT
Producción, publicación, distribución, fabricación y copyright Roma :
Nombre del de productor, editor, distribuidor, fabricante FAO :
-- FIDA :
-- OMS :
-- PMA :
-- UNICEF,
Fecha de producción, publicación, distribución, fabricación o copyright 2107.
300 ## - DESCRIPCIÓN FÍSICA
Extensión ix, 129 páginas:
Otras características físicas figuras, cuadros.
336 ## - TIPO DE CONTENIDO
Fuente rdacontent
Término de tipo de contenido texto
Código de tipo de contenido txt
337 ## - TIPO DE MEDIO
Fuente rdamedia
Nombre/término del tipo de medio sin medio
Código del tipo de medio n
338 ## - TIPO DE SOPORTE
Fuente rdacarrier
Nombre/término del tipo de soporte volumen
Código del tipo de soporte nc
504 ## - NOTA DE BIBLIOGRAFÍA, ETC.
Nota de bibliografía, etc. Incluye referencias bibliográficas páginas : 119-129.
650 #4 - PUNTO DE ACCESO ADICIONAL DE MATERIA--TÉRMINO DE MATERIA
9 (RLIN) 188281
Término de materia o nombre geográfico como elemento de entrada Seguridad alimentaria
Subdivisión general Paises en desarrollo
650 #4 - PUNTO DE ACCESO ADICIONAL DE MATERIA--TÉRMINO DE MATERIA
9 (RLIN) 188282
Término de materia o nombre geográfico como elemento de entrada Desnutrición
Subdivisión general Paises en desarrollo
650 #4 - PUNTO DE ACCESO ADICIONAL DE MATERIA--TÉRMINO DE MATERIA
9 (RLIN) 188283
Término de materia o nombre geográfico como elemento de entrada Seguridad alimentaria
Subdivisión general Estadísticas
650 #4 - PUNTO DE ACCESO ADICIONAL DE MATERIA--TÉRMINO DE MATERIA
9 (RLIN) 145461
Término de materia o nombre geográfico como elemento de entrada Abastecimientos de alimentos
710 2# - PUNTO DE ACCESO ADICIONAL--NOMBRE DE ENTIDAD CORPORATIVA
9 (RLIN) 144278
Nombre de entidad corporativa o nombre de jurisdicción como elemento de entrada Organización de las Naciones Unidas para la Agricultura y la Alimentación (FAO)
710 2# - PUNTO DE ACCESO ADICIONAL--NOMBRE DE ENTIDAD CORPORATIVA
9 (RLIN) 42116
Nombre de entidad corporativa o nombre de jurisdicción como elemento de entrada Fondo Internacional de Desarrollo Agrícola (FIDA)
710 2# - PUNTO DE ACCESO ADICIONAL--NOMBRE DE ENTIDAD CORPORATIVA
9 (RLIN) 188252
Nombre de entidad corporativa o nombre de jurisdicción como elemento de entrada Organización Mundial de la Salud (OMS)
710 2# - PUNTO DE ACCESO ADICIONAL--NOMBRE DE ENTIDAD CORPORATIVA
9 (RLIN) 92330
Nombre de entidad corporativa o nombre de jurisdicción como elemento de entrada Programa Mundial de Alimentos (PMA)
710 2# - PUNTO DE ACCESO ADICIONAL--NOMBRE DE ENTIDAD CORPORATIVA
9 (RLIN) 188284
Nombre de entidad corporativa o nombre de jurisdicción como elemento de entrada Fondo de las Neciones Unidas para la Infancia (UNICEF)
942 ## - ELEMENTOS DE PUNTO DE ACCESO ADICIONAL (KOHA)
Fuente del sistema de clasificación o colocación Dewey Decimal Classification
942 ## - ELEMENTOS DE PUNTO DE ACCESO ADICIONAL (KOHA)
Tipo de ítem Koha Libro
Holdings
Estado de retiro Estado de pérdida Fuente del sistema de clasificación o colocación Estado dañado Restricciones de uso No para préstamo Código de colección Localización permanente Ubicación/localización actual Ubicación en estantería Fecha de adquisición Total de préstamos Signatura topográfica completa Código de barras Fecha visto por última vez Precio válido a partir de Tipo de ítem Koha
    Dewey Decimal Classification   Préstamo interno   Publicaciones FAO Biblioteca Central Biblioteca Central Planta Principal - Área de préstamo - FAO 16/11/2023   363.8 F21 33724002557563 16/11/2023 16/11/2023 Libro